[Event "HUN-chT4 Chalupetzky 1819"]
[Site "Hunagry"]
[Date "2019.04.14"]
[Round "9.2"]
[White "Barson, Laszlo"]
[Black "Farkas, Gyula"]
[Result "1-0"]
[WhiteElo "2021"]
[BlackElo "2162"]
[PlyCount "79"]
[EventDate "2018.10.14"]
[EventType "team-tourn"]
[EventRounds "10"]
[EventCountry "HUN"]
[SourceTitle "EXT 2020"]
[Source "ChessBase"]
[SourceDate "2019.10.17"]
[SourceVersion "1"]
[SourceVersionDate "2019.10.17"]
[SourceQuality "1"]
[WhiteTeam "Fertoszentmiklos"]
[BlackTeam "Gyor Bastya"]
[WhiteTeamCountry "HUN"]
[BlackTeamCountry "HUN"]

1. e4 c5 2. Nf3 Nc6 3. d4 cxd4 4. Nxd4 g6 5. Nc3 Bg7 6. Be3 Nf6 7. Bc4 0-0 8. Bb3 Qa5 9. 0-0 d6 10. f3 a6 11. a4 Rd8 12. Qd2 Bd7 13. Rad1 Rac8 14. Qf2 Ne5 15. Nde2 Rc6 16. Nd5 Nxd5 17. exd5 Rc5 18. Bxc5 dxc5 19. d6 e6 20. f4 Nc6 21. c3 Nb8 22. f5 gxf5 23. Nf4 Bc6 24. Bxe6 fxe6 25. Nxe6 Be4 26. Nxd8 Qxd8 27. Qxc5 Nd7 28. Qc4+ Kh8 29. Qe6 Qg5 30. Rf2 Nf8 31. Qe7 Qh5 32. Re1 Bc6 33. h3 h6 34. Qd8 Kg8 35. Qc8 Qg6 36. Rd1 Qh5 37. Rdd2 Qe8 38. Qxe8 Bxe8 39. Rxf5 Bxa4 40. Rxf8+ 1-0

[Event "HUN-chT4 Chalupetzky 1819"]
[Site "Hunagry"]
[Date "2019.02.17"]
[Round "6.2"]
[White "Farkas, Gyula"]
[Black "Banszegi, Attila"]
[Result "1-0"]
[WhiteElo "2166"]
[BlackElo "2051"]
[PlyCount "101"]
[EventDate "2018.10.14"]
[EventType "team-tourn"]
[EventRounds "10"]
[EventCountry "HUN"]
[SourceTitle "EXT 2020"]
[Source "ChessBase"]
[SourceDate "2019.10.17"]
[SourceVersion "1"]
[SourceVersionDate "2019.10.17"]
[SourceQuality "1"]
[WhiteTeam "Gyor Bastya"]
[BlackTeam "Toltestava Tornado"]
[WhiteTeamCountry "HUN"]
[BlackTeamCountry "HUN"]

1. e4 e6 2. d4 d5 3. Bd3 Nf6 4. e5 Nfd7 5. Nf3 b6 6. 0-0 Ba6 7. Bxa6 Nxa6 8. Qe2 Nab8 9. c4 c6 10. Bg5 Be7 11. Bxe7 Qxe7 12. Nc3 a6 13. cxd5 cxd5 14. Rac1 0-0 15. Na4 Ra7 16. b3 Re8 17. Rc3 b5 18. Nb2 f6 19. Rfc1 fxe5 20. dxe5 Nf8 21. Qe3 Rb7 22. Nd3 Nbd7 23. Rc7 Rxc7 24. Rxc7 Ra8 25. Nd4 Qd8 26. Qc1 Qh4 27. f4 Qg4 28. Nf2 Qg6 29. g4 Re8 30. Kg2 Re7 31. Qa3 Rf7 32. Ne2 h5 33. h3 Nxe5 34. Rxf7 Nxf7 35. Qxa6 hxg4 36. hxg4 Nh6 37. Kf3 Nxg4 38. Nxg4 Qe4+ 39. Kf2 d4 40. Qd6 d3 41. Ng3 Qg6 42. Ne5 Qh6 43. Kf3 g5 44. f5 d2 45. Ng4 Qg7 46. Qxd2 Qb7+ 47. Kf2 Qb6+ 48. Qe3 Qxe3+ 49. Kxe3 Kf7 50. Ke4 Nd7 51. Ne5+ 1-0

[Event "HUN-chT4 Chalupetzky 1819"]
[Site "Hunagry"]
[Date "2018.10.14"]
[Round "1.2"]
[White "Frank, Jozsef1111"]
[Black "Farkas, Gyula"]
[Result "0-1"]
[WhiteElo "2024"]
[BlackElo "2148"]
[PlyCount "70"]
[EventDate "2018.10.14"]
[EventType "team-tourn"]
[EventRounds "10"]
[EventCountry "HUN"]
[SourceTitle "EXT 2020"]
[Source "ChessBase"]
[SourceDate "2019.10.17"]
[SourceVersion "1"]
[SourceVersionDate "2019.10.17"]
[SourceQuality "1"]
[WhiteTeam "Toltestava Tornado"]
[BlackTeam "Gyor Bastya"]
[WhiteTeamCountry "HUN"]
[BlackTeamCountry "HUN"]

1. e4 d5 2. exd5 Qxd5 3. Nc3 Qa5 4. d4 Nf6 5. h3 Bf5 6. Nf3 e6 7. Bd3 Ne4 8. Bxe4 Bxe4 9. 0-0 Bxf3 10. Qxf3 c6 11. Bd2 Be7 12. Rad1 0-0 13. a3 Nd7 14. Ne4 Qd5 15. Bc3 Nb6 16. Rfe1 Na4 17. Qg3 Nxc3 18. bxc3 Rfd8 19. Rd3 Qa5 20. Rf3 Rxd4 21. h4 Rad8 22. Rd3 h6 23. Rxd4 Rxd4 24. Re3 Rd1+ 25. Kh2 f5 26. Qg6 fxe4 27. Qxe6+ Kf8 28. Qxe4 Qd8 29. Qf3+ Bf6 30. Qe4 Bxh4 31. g3 Bf6 32. Qb4+ Kg8 33. Qxb7 Qd5 34. Qc8+ Kh7 35. f3 Qh5+ 0-1

[Event "HUN-chT2 Breyer 1718"]
[Site "Hungary"]
[Date "2018.02.18"]
[Round "8.2"]
[White "Farkas, Gyula"]
[Black "Csati, Oliver"]
[Result "0-1"]
[WhiteElo "2158"]
[BlackElo "2187"]
[PlyCount "64"]
[EventDate "2017.09.24"]
[EventType "team-tourn"]
[EventRounds "11"]
[EventCountry "HUN"]
[SourceTitle "EXT 2021"]
[Source "ChessBase"]
[SourceDate "2020.10.23"]
[SourceVersion "1"]
[SourceVersionDate "2020.10.23"]
[SourceQuality "1"]
[WhiteTeam "Kisber Aszar"]
[BlackTeam "Budapest HASE"]
[WhiteTeamCountry "HUN"]
[BlackTeamCountry "HUN"]

1. e4 g6 2. d4 Bg7 3. Nc3 Nc6 4. d5 Nd4 5. Be3 c5 6. dxc6 dxc6 7. Qd2 e5 8. 0-0-0 Ne7 9. Kb1 Be6 10. f4 Bg4 11. Nge2 Nxe2 12. Bxe2 Bxe2 13. Nxe2 b6 14. Qc3 Qc7 15. g4 0-0 16. f5 Rfd8 17. Rdf1 Rd6 18. g5 gxf5 19. exf5 Nd5 20. Qb3 c5 21. Bc1 c4 22. Qf3 Rad8 23. h4 b5 24. h5 Ra6 25. h6 Bf8 26. Bd2 b4 27. Nc1 c3 28. Be1 cxb2 29. Kxb2 Nc3 30. g6 Qa5 31. Bxc3 bxc3+ 32. Ka1 Qa3 0-1

[Event "HUN-chT2 Breyer 1718"]
[Site "Hungary"]
[Date "2018.01.28"]
[Round "7.3"]
[White "Farkas, Gyula"]
[Black "Sallai, Kalman"]
[Result "1-0"]
[WhiteElo "2158"]
[BlackElo "2132"]
[PlyCount "69"]
[EventDate "2017.09.24"]
[EventType "team-tourn"]
[EventRounds "11"]
[EventCountry "HUN"]
[SourceTitle "EXT 2021"]
[Source "ChessBase"]
[SourceDate "2020.10.23"]
[SourceVersion "1"]
[SourceVersionDate "2020.10.23"]
[SourceQuality "1"]
[WhiteTeam "Kisber Aszar"]
[BlackTeam "Torokbalint"]
[WhiteTeamCountry "HUN"]
[BlackTeamCountry "HUN"]

1. e4 c5 2. Nf3 e6 3. Nc3 a6 4. a4 d6 5. d4 cxd4 6. Nxd4 Nf6 7. Be2 Qc7 8. 0-0 b6 9. f4 Nbd7 10. Bf3 Bb7 11. g4 h6 12. Qe2 g6 13. e5 dxe5 14. fxe5 Bc5 15. Be3 Nh7 16. Rad1 Ng5 17. Bxb7 Qxb7 18. h4 Nh7 19. Bxh6 Nhf8 20. Bg5 Nh7 21. Bf4 g5 22. Bh2 gxh4 23. Ne4 Rg8 24. c3 Ng5 25. Nxg5 Rxg5 26. Bf4 Rg8 27. b4 Be7 28. Kh2 h3 29. Rd3 Bg5 30. Bg3 Rg7 31. Rdf3 Nf8 32. b5 axb5 33. Nxb5 Be7 34. Rf4 Rd8 35. Rc4 1-0

[Event "HUN-chT2 Breyer 1718"]
[Site "Hungary"]
[Date "2017.12.03"]
[Round "5.2"]
[White "Simonics, Peter"]
[Black "Farkas, Gyula"]
[Result "0-1"]
[WhiteElo "1937"]
[BlackElo "2158"]
[PlyCount "140"]
[EventDate "2017.09.24"]
[EventType "team-tourn"]
[EventRounds "11"]
[EventCountry "HUN"]
[SourceTitle "EXT 2021"]
[Source "ChessBase"]
[SourceDate "2020.10.23"]
[SourceVersion "1"]
[SourceVersionDate "2020.10.23"]
[SourceQuality "1"]
[WhiteTeam "Tatabanya Turul"]
[BlackTeam "Kisber Aszar"]
[WhiteTeamCountry "HUN"]
[BlackTeamCountry "HUN"]

1. e4 c5 2. Nf3 Nc6 3. d4 cxd4 4. Nxd4 Qb6 5. Nb5 a6 6. Be3 Qd8 7. N5c3 b5 8. a4 b4 9. Nd5 Rb8 10. a5 Nxa5 11. Bc5 e6 12. Bxf8 Kxf8 13. Nf6 Ne7 14. Nh5 Qb6 15. Bd3 Nac6 16. 0-0 g6 17. Ng3 a5 18. Nd2 Ne5 19. Nc4 Nxc4 20. Bxc4 h5 21. e5 Qc5 22. Qd6 Qxd6 23. exd6 Nc6 24. Ne4 h4 25. f4 Rh5 26. Bd3 Kg7 27. Ng5 f6 28. Nf3 Rb6 29. Be4 Nd8 30. Rfd1 Bb7 31. Nd2 Bxe4 32. Nxe4 Nb7 33. Kf2 Rc6 34. Rd2 Rd5 35. Rad1 Rxd2+ 36. Rxd2 f5 37. Ng5 Rxd6 38. Re2 Nc5 39. b3 Kf6 40. Nf3 h3 41. gxh3 Ne4+ 42. Ke3 Nc3 43. Rd2 Rxd2 44. Nxd2 Nd5+ 45. Kf3 Nb6 46. h4 d6 47. Kg3 e5 48. Nf3 Nd5 49. fxe5+ dxe5 50. Kf2 Nc7 51. Nd2 Nb5 52. Nc4 Nd4 53. Nxa5 Nxc2 54. Nc6 f4 55. h3 Ke6 56. Nd8+ Kf5 57. Nc6 Nd4 58. Ne7+ Kf6 59. Nd5+ Ke6 60. Nxb4 Nxb3 61. Nc6 Nd4 62. Nd8+ Kf6 63. Nb7 e4 64. Nc5 Kf5 65. Kg2 Nf3 66. h5 gxh5 67. Kf2 Nd4 68. Nd7 e3+ 69. Ke1 f3 70. h4 Nc2+ 0-1

[Event "HUN-chT4 1617"]
[Site "Hungary"]
[Date "2017.04.23"]
[Round "7.3"]
[White "Farkas, Gyula"]
[Black "Barson, Laszlo"]
[Result "1-0"]
[WhiteElo "2161"]
[BlackElo "2012"]
[PlyCount "87"]
[EventDate "2016.10.02"]
[EventType "team-tourn"]
[EventRounds "7"]
[EventCountry "HUN"]
[SourceTitle "EXT 2019"]
[Source "ChessBase"]
[SourceDate "2018.10.10"]
[SourceVersion "1"]
[SourceVersionDate "2018.10.10"]
[SourceQuality "1"]

1. e4 c5 2. Nf3 e6 3. Nc3 Nc6 4. Bb5 Nd4 5. Nxd4 cxd4 6. Ne2 Qb6 7. Bc4 Nf6 8. d3 d5 9. exd5 exd5 10. Bb3 Bb4+ 11. c3 dxc3 12. bxc3 Bd6 13. Ba4+ Bd7 14. Bxd7+ Nxd7 15. Be3 Qc7 16. Qb3 Nf6 17. Qb5+ Qc6 18. Rb1 0-0 19. Qxb7 Qa4 20. Qb3 Qg4 21. Ng3 h5 22. Qd1 Qg6 23. 0-0 h4 24. Ne2 Ng4 25. Bf4 Rfe8 26. h3 Ne5 27. Nd4 Bc5 28. Bxe5 Rxe5 29. Nf3 Re6 30. Rb5 Rc8 31. Nxh4 Qf6 32. d4 Bd6 33. Nf3 Rxc3 34. Rb3 Rc4 35. Qd3 Qf4 36. g3 Qe4 37. Rd1 Rc2 38. Rd2 Rxd2 39. Qxd2 Qf5 40. Kg2 Rh6 41. h4 Re6 42. Ng5 Re7 43. Qa5 Bc7 44. Rb8+ 1-0

[Event "HUN-chT4 1617"]
[Site "Hungary"]
[Date "2017.01.15"]
[Round "4.4"]
[White "Rako, Istvan"]
[Black "Farkas, Gyula"]
[Result "1/2-1/2"]
[WhiteElo "2043"]
[BlackElo "2158"]
[PlyCount "73"]
[EventDate "2016.10.02"]
[EventType "team-tourn"]
[EventRounds "7"]
[EventCountry "HUN"]
[SourceTitle "EXT 2019"]
[Source "ChessBase"]
[SourceDate "2018.10.10"]
[SourceVersion "1"]
[SourceVersionDate "2018.10.10"]
[SourceQuality "1"]

1. b4 e6 2. Bb2 Nf6 3. b5 d5 4. e3 a6 5. a4 c6 6. c4 dxc4 7. Bxc4 axb5 8. axb5 Rxa1 9. Bxa1 Be7 10. Nf3 0-0 11. Qb3 cxb5 12. Bxb5 Nbd7 13. 0-0 Nc5 14. Qb2 Bd7 15. Ne5 Bxb5 16. Qxb5 Qe8 17. Nc3 Qxb5 18. Nxb5 Nb3 19. Bc3 Ne4 20. Nf3 Rc8 21. Rb1 Nxc3 22. Nxc3 Nxd2 23. Nxd2 Rxc3 24. Rxb7 Rc1+ 25. Nf1 Bd6 26. Rd7 Bc7 27. g3 h6 28. Rd2 Ba5 29. Ra2 Be1 30. Kg2 Rd1 31. Kf3 Bc3 32. Rc2 Bb4 33. Rb2 Ba5 34. Ra2 Bb4 35. Rb2 Ba5 36. Ra2 Bb4 37. Rb2 1/2-1/2

[Event "HUN-chT2 Breyer 1617"]
[Site "Hungary"]
[Date "2016.11.13"]
[Round "2.3"]
[White "Farkas, Gyula"]
[Black "Sugar, Gabor"]
[Result "1-0"]
[WhiteElo "2129"]
[BlackElo "2278"]
[PlyCount "121"]
[EventDate "2016.10.30"]
[EventType "team-tourn"]
[EventRounds "9"]
[EventCountry "HUN"]
[SourceTitle "EXT 2021"]
[Source "ChessBase"]
[SourceDate "2020.10.23"]
[SourceVersion "1"]
[SourceVersionDate "2020.10.23"]
[SourceQuality "1"]
[WhiteTeam "Kisber Aszar"]
[BlackTeam "Paty"]
[WhiteTeamCountry "HUN"]
[BlackTeamCountry "HUN"]

1. e4 c5 2. Nf3 e6 3. Nc3 a6 4. g3 Nc6 5. d4 cxd4 6. Nxd4 Nf6 7. Bg2 Qc7 8. 0-0 Be7 9. h3 d6 10. Be3 0-0 11. g4 Nxd4 12. Bxd4 Nd7 13. a4 b6 14. Ne2 Bb7 15. Ng3 Rac8 16. c3 a5 17. f4 Bh4 18. Bf2 Nc5 19. Re1 Ba6 20. Re3 e5 21. f5 Bg5 22. Rf3 Bb7 23. Qc2 d5 24. Bxc5 Qxc5+ 25. Kh1 d4 26. Qe2 dxc3 27. bxc3 Rfd8 28. Nf1 Qc4 29. Ra2 Qxe2 30. Rxe2 Rc4 31. Rb2 Bxe4 32. Rff2 Bxg2+ 33. Kxg2 Rd6 34. Rfe2 Bf4 35. Nd2 Rxa4 36. Ne4 Rc6 37. Rb1 f6 38. Rd1 Kf8 39. Rd7 Rac4 40. Rb7 a4 41. Rb8+ Ke7 42. Rb7+ Rc7 43. Rxb6 Ra7 44. Nd6 Rxc3 45. Nb5 Rg3+ 46. Kf1 Rd7 47. Re6+ Kd8 48. Ra2 Rxh3 49. Rxa4 Rd1+ 50. Kg2 Rh2+ 51. Kf3 Rd3+ 52. Ke4 Re3+ 53. Kd5 Rd2+ 54. Kc6 Rc2+ 55. Kb6 Rd3 56. Ra8+ Rc8 57. Rxc8+ Kxc8 58. Re7 Bh6 59. Na7+ Kd8 60. Nc6+ Kc8 61. Rc7# 1-0

[Event "HUN-chT4 1617"]
[Site "Hungary"]
[Date "2016.10.02"]
[Round "1.2"]
[White "Petrecz, Gyula"]
[Black "Farkas, Gyula"]
[Result "0-1"]
[WhiteElo "1791"]
[BlackElo "2127"]
[PlyCount "114"]
[EventDate "2016.10.02"]
[EventType "team-tourn"]
[EventRounds "7"]
[EventCountry "HUN"]
[SourceTitle "EXT 2019"]
[Source "ChessBase"]
[SourceDate "2018.10.10"]
[SourceVersion "1"]
[SourceVersionDate "2018.10.10"]
[SourceQuality "1"]

1. e4 c5 2. Nf3 Nc6 3. d4 cxd4 4. Nxd4 Qb6 5. Nxc6 bxc6 6. Nc3 e5 7. Bc4 Nf6 8. 0-0 Be7 9. Bb3 Ba6 10. Re1 0-0 11. Be3 Qc7 12. Qf3 Bb7 13. Rad1 d6 14. Bg5 h6 15. Bxf6 Bxf6 16. Qh5 Kh7 17. Qf5+ Kh8 18. Re3 Bg5 19. Ree1 Bc8 20. Qf3 f5 21. Qd3 Be7 22. f3 fxe4 23. fxe4 Bg4 24. Ra1 Qb6+ 25. Kh1 Rf2 26. Nd1 Rf4 27. Ne3 Bd7 28. Nc4 Qc5 29. Rf1 Raf8 30. Rxf4 exf4 31. Rf1 Bg4 32. h3 Bh5 33. c3 Bg6 34. Qf3 Kh7 35. Re1 Bh4 36. Rf1 Bg3 37. Nd2 Re8 38. Bc2 d5 39. Bb1 Qe3 40. Rd1 dxe4 41. Qf1 Rd8 42. Nc4 Rxd1 43. Qxd1 Qf2 44. Ne5 f3 45. Nxf3 exf3 46. Bxg6+ Kxg6 47. Qd3+ Kg5 48. h4+ Kf6 49. Qd8+ Kf5 50. Qd7+ Kf4 51. Qd6+ Kg4 52. Qe6+ Kxh4 53. Qe4+ Kg5 54. Qe7+ Kh5 55. Qf7+ g6 56. Qxf3+ Qxf3 57. gxf3 Be5 0-1

[Event "HUN-chT2 Breyer 1516"]
[Site "Hungary"]
[Date "2016.04.03"]
[Round "10.2"]
[White "Lengyel, Bela"]
[Black "Farkas, Gyula"]
[Result "1-0"]
[WhiteElo "2246"]
[BlackElo "2181"]
[PlyCount "63"]
[EventDate "2015.09.13"]
[EventType "team-tourn"]
[EventRounds "11"]
[EventCountry "HUN"]
[SourceTitle "EXT 2017"]
[Source "ChessBase"]
[SourceDate "2016.10.25"]
[SourceVersion "1"]
[SourceVersionDate "2016.10.25"]
[SourceQuality "1"]
[WhiteTeam "Zsambek"]
[BlackTeam "Kisber Aszar"]
[WhiteTeamCountry "HUN"]
[BlackTeamCountry "HUN"]

1. e4 c5 2. Nf3 Nc6 3. d4 cxd4 4. Nxd4 Nf6 5. Nc3 g6 6. Be2 Bg7 7. Nb3 0-0 8. 0-0 d6 9. Bg5 h6 10. Bh4 a6 11. a4 Be6 12. f4 Na5 13. e5 Nxb3 14. exf6 Bxf6 15. Bxf6 Nxa1 16. Bd4 Nxc2 17. Qxc2 Qa5 18. Bf3 Qb4 19. Qf2 Rac8 20. Re1 Rc4 21. Be3 Kg7 22. Qd2 Rfc8 23. Be2 Rxc3 24. bxc3 Qxa4 25. Bf3 Qd7 26. f5 Bxf5 27. Bxh6+ Kh7 28. Be3 Qc7 29. Qf2 Kg7 30. g4 Bd3 31. Bb6 Qd7 32. Qd4+ 1-0

[Event "Level op-A 4th"]
[Site "Level"]
[Date "2016.03.14"]
[Round "6"]
[White "Finszter, Mate"]
[Black "Farkas, Gyula"]
[Result "1-0"]
[WhiteElo "2222"]
[BlackElo "2179"]
[PlyCount "140"]
[EventDate "2016.03.11"]
[EventType "swiss"]
[EventRounds "7"]
[EventCountry "HUN"]
[SourceTitle "EXT 2017"]
[Source "ChessBase"]
[SourceDate "2016.10.25"]
[SourceVersion "1"]
[SourceVersionDate "2016.10.25"]
[SourceQuality "1"]

1. c4 e5 2. g3 Nc6 3. Nc3 g6 4. Bg2 Bg7 5. Rb1 a5 6. a3 f5 7. b4 axb4 8. axb4 Nf6 9. b5 Nd4 10. d3 Ne6 11. Nh3 h6 12. 0-0 0-0 13. f4 d6 14. Bb2 Ng4 15. Qd2 c6 16. Kh1 Bd7 17. Nf2 exf4 18. gxf4 Nxf2+ 19. Rxf2 Qh4 20. e3 g5 21. Rff1 g4 22. Qe1 Qe7 23. Qd2 Qh4 24. Qe1 Qe7 25. Qf2 Bf6 26. Ra1 Qg7 27. d4 Kh8 28. Ba3 Be7 29. d5 Nd8 30. dxc6 bxc6 31. bxc6 Nxc6 32. Nb5 Kh7 33. Rad1 Ra4 34. Bxd6 Rxc4 35. Qa2 Be6 36. Bxc6 Rxc6 37. Qxe6 Bxd6 38. Rxd6 Rxd6 39. Nxd6 g3 40. hxg3 Rf6 41. Qe5 Qg6 42. Qe7+ Kg8 43. Qe8+ Qxe8 44. Nxe8 Re6 45. Nc7 Rxe3 46. Kg2 Kf7 47. Nb5 Rd3 48. Rc1 Kg6 49. Nc3 Kh5 50. Rh1+ Kg6 51. Ne2 Rd2 52. Kf3 Ra2 53. Rc1 Ra3+ 54. Kf2 Ra6 55. Rc2 Rd6 56. Ng1 Kh5 57. Nf3 Rd3 58. Rc1 Ra3 59. Rh1+ Kg6 60. Ne5+ Kg7 61. Rd1 Ra2+ 62. Kf3 Rh2 63. Rd7+ Kf6 64. Rd6+ Ke7 65. Rg6 Rh5 66. Kg2 Ke8 67. Re6+ Kf8 68. Nf3 Kf7 69. Ra6 Kg7 70. Nh4 Kf7 1-0

[Event "Level op-A 4th"]
[Site "Level"]
[Date "2016.03.12"]
[Round "3"]
[White "Farkas, Gyula"]
[Black "Horvath, Gabor"]
[Result "1-0"]
[WhiteElo "2179"]
[BlackElo "1999"]
[PlyCount "67"]
[EventDate "2016.03.11"]
[EventType "swiss"]
[EventRounds "7"]
[EventCountry "HUN"]
[SourceTitle "EXT 2017"]
[Source "ChessBase"]
[SourceDate "2016.10.25"]
[SourceVersion "1"]
[SourceVersionDate "2016.10.25"]
[SourceQuality "1"]

1. e4 e6 2. d4 d5 3. e5 c5 4. c3 Nc6 5. Nf3 Qb6 6. Bd3 Bd7 7. dxc5 Bxc5 8. Qe2 Rc8 9. 0-0 a6 10. Bf4 Qc7 11. Bg3 Na7 12. a4 Nc6 13. b4 Bb6 14. Na3 Nce7 15. a5 Ba7 16. c4 Bb8 17. Rfd1 Nh6 18. cxd5 Nxd5 19. Nc4 Nf5 20. Rac1 Nxg3 21. hxg3 Qd8 22. Be4 Bb5 23. Qa2 Bxc4 24. Rxc4 Rxc4 25. Qxc4 0-0 26. Bxd5 exd5 27. Rxd5 Qe7 28. b5 axb5 29. Qxb5 Qc7 30. Rc5 Qe7 31. Rc1 Rd8 32. Rb1 h6 33. Qb6 Kf8 34. a6 1-0

[Event "HUN-chT4 Chalupetzky 1516"]
[Site "Fertoszentmiklos"]
[Date "2016.02.21"]
[Round "5.1"]
[White "Acs, Gyorgy"]
[Black "Farkas, Gyula"]
[Result "0-1"]
[WhiteElo "1784"]
[BlackElo "2176"]
[PlyCount "170"]
[EventDate "2015.10.11"]
[EventType "team-tourn"]
[EventRounds "7"]
[EventCountry "HUN"]
[SourceTitle "EXT 2017"]
[Source "ChessBase"]
[SourceDate "2016.10.25"]
[SourceVersion "1"]
[SourceVersionDate "2016.10.25"]
[SourceQuality "1"]
[WhiteTeam "Gonyu"]
[BlackTeam "Gyor Bastya"]
[WhiteTeamCountry "HUN"]
[BlackTeamCountry "HUN"]

1. e4 c5 2. Nf3 Nc6 3. d4 cxd4 4. Nxd4 Qb6 5. Nb3 Nf6 6. Nc3 e6 7. Be3 Qc7 8. f3 Bb4 9. Qd2 d5 10. a3 Bxc3 11. Qxc3 dxe4 12. fxe4 0-0 13. Bd3 Bd7 14. 0-0-0 Rfc8 15. Kb1 Ng4 16. Bg1 Nce5 17. Qxc7 Rxc7 18. h3 Nxd3 19. cxd3 Ba4 20. Rc1 Rxc1+ 21. Nxc1 Ne5 22. Bd4 Ng6 23. g3 e5 24. Bc3 Rd8 25. b3 Bc6 26. Kc2 f5 27. Re1 fxe4 28. dxe4 Rf8 29. Nd3 Rf3 30. Nxe5 Rxc3+ 31. Kxc3 Nxe5 32. Re3 Kf7 33. Kd4 Ke6 34. Rc3 Nf7 35. h4 Nd6 36. a4 Bxe4 37. Rc5 Bc6 38. g4 Bf3 39. Re5+ Kd7 40. g5 Bd1 41. Kc3 Bg4 42. Kb4 h5 43. gxh6 gxh6 44. Ra5 a6 45. Re5 h5 46. a5 Nf5 47. Kc5 Kc7 48. b4 Nxh4 49. Re7+ Bd7 50. Rh7 Ng6 51. Rxh5 Nf4 52. Rh4 Nd3+ 53. Kd5 Bc6+ 54. Ke6 Bb5 55. Ke7 Kc6 56. Kd8 Ne5 57. Kc8 Nf7 58. Rh5 Nd6+ 59. Kd8 b6 60. axb6 Nb7+ 61. Kc8 Kxb6 62. Rh6+ Bc6 63. Rh5 Nd6+ 64. Kb8 Nb5 65. Rh6 Nc7 66. Kc8 Nd5 67. Rh4 Kb5 68. Kb8 Nxb4 69. Ka7 a5 70. Rh5+ Bd5 71. Rh6 Nc6+ 72. Kb7 a4 73. Rh3 Nd4+ 74. Kc7 Kc5 75. Rc3+ Bc4 76. Rc1 a3 77. Ra1 a2 78. Rxa2 Bxa2 79. Kd7 Nf5 80. Ke8 Kd6 81. Kf8 Ke6 82. Kg8 Kf6+ 83. Kh8 Ne7 84. Kh7 Ng6 85. Kh6 Bg8 0-1

[Event "HUN-chT4 Chalupetzky 1516"]
[Site "Fertoszentmiklos"]
[Date "2015.11.15"]
[Round "2.1"]
[White "Banszegi, Attila"]
[Black "Farkas, Gyula"]
[Result "0-1"]
[WhiteElo "2029"]
[BlackElo "2181"]
[PlyCount "130"]
[EventDate "2015.10.11"]
[EventType "team-tourn"]
[EventRounds "7"]
[EventCountry "HUN"]
[SourceTitle "EXT 2017"]
[Source "ChessBase"]
[SourceDate "2016.10.25"]
[SourceVersion "1"]
[SourceVersionDate "2016.10.25"]
[SourceQuality "1"]
[WhiteTeam "Toltestava Tornado"]
[BlackTeam "Gyor Bastya"]
[WhiteTeamCountry "HUN"]
[BlackTeamCountry "HUN"]

1. e4 c5 2. Nc3 Nc6 3. g3 g6 4. Bg2 Bg7 5. Nge2 d6 6. 0-0 e6 7. h3 Nge7 8. Kh2 0-0 9. Ng1 d5 10. d3 d4 11. Nce2 h6 12. Bd2 Kh7 13. f4 e5 14. f5 f6 15. fxg6+ Nxg6 16. g4 Nce7 17. Qe1 Qc7 18. Qg3 a5 19. Kh1 Qb6 20. Rab1 Qe6 21. Ra1 a4 22. Nf3 Bd7 23. Qf2 c4 24. Ng3 Qa6 25. Rad1 Bb5 26. Nh5 cxd3 27. c3 dxc3 28. bxc3 Bc6 29. Nxg7 Kxg7 30. Nh4 Nxh4 31. Qxh4 Ng8 32. Rf2 Be8 33. Rf3 Rd8 34. Bf1 Bg6 35. Qe1 Qc4 36. Re3 Rf7 37. Bg2 Qxa2 38. Bf3 Rfd7 39. Rb1 Qe6 40. Bd1 Qc6 41. Rb4 Ra8 42. Qf1 a3 43. Bb3 a2 44. Qa1 Ra3 45. Bd5 Rxd5 46. exd5 Qxd5+ 47. Kh2 b5 48. Rg3 Ra6 49. h4 Be8 50. c4 bxc4 51. Rb2 Bc6 52. Bc3 Ne7 53. Rf2 Qe4 54. Qg1 Ng6 55. h5 Nf4 56. Rgf3 Ra3 57. Bb2 Ra7 58. g5 Kh7 59. gxf6 Qf5 60. Rxf4 exf4 61. Qg6+ Qxg6 62. hxg6+ Kxg6 63. Rxf4 Bd5 64. Rd4 Bf7 65. Kg2 Rb7 0-1

[Event "HUN-chT2 Szechenyi 1415"]
[Site "Hungary"]
[Date "2015.04.26"]
[Round "11.2"]
[White "Farkas, Gyula"]
[Black "Rozsa, Peter"]
[Result "1-0"]
[WhiteElo "2190"]
[BlackElo "2070"]
[PlyCount "53"]
[EventDate "2014.09.07"]
[EventType "team-tourn"]
[EventRounds "11"]
[EventCountry "HUN"]
[SourceTitle "EXT 2016"]
[Source "ChessBase"]
[SourceDate "2015.10.08"]
[SourceVersion "1"]
[SourceVersionDate "2015.10.08"]
[SourceQuality "1"]
[WhiteTeam "Kisber Aszar"]
[BlackTeam "Keszthely"]
[WhiteTeamCountry "HUN"]
[BlackTeamCountry "HUN"]

1. e4 e6 2. d4 d5 3. e5 c5 4. c3 Nc6 5. Nf3 Bd7 6. Bd3 cxd4 7. cxd4 Qb6 8. Bc2 Nb4 9. 0-0 Nxc2 10. Qxc2 Rc8 11. Nc3 Ne7 12. Rd1 a5 13. a3 Qa6 14. g4 h5 15. h3 Nc6 16. Bg5 Be7 17. Kg2 Bxg5 18. Nxg5 Qc4 19. Qd2 f6 20. b3 Qxd4 21. Qc2 fxg5 22. Rxd4 Nxd4 23. Qg6+ Kf8 24. Rd1 hxg4 25. hxg4 Nxb3 26. Rd3 Rxc3 27. Rxc3 1-0

[Event "HUN-chT2 Szechenyi 1415"]
[Site "Hungary"]
[Date "2015.02.08"]
[Round "8.2"]
[White "Ruck, Tamas"]
[Black "Farkas, Gyula"]
[Result "1-0"]
[WhiteElo "2331"]
[BlackElo "2190"]
[PlyCount "103"]
[EventDate "2014.09.07"]
[EventType "team-tourn"]
[EventRounds "11"]
[EventCountry "HUN"]
[SourceTitle "EXT 2016"]
[Source "ChessBase"]
[SourceDate "2015.10.08"]
[SourceVersion "1"]
[SourceVersionDate "2015.10.08"]
[SourceQuality "1"]
[WhiteTeam "HVSE Infraplan"]
[BlackTeam "Kisber Aszar"]
[WhiteTeamCountry "HUN"]
[BlackTeamCountry "HUN"]

1. e4 c5 2. Nf3 Nc6 3. d4 cxd4 4. Nxd4 Nf6 5. Nc3 g6 6. Be2 Bg7 7. Nb3 0-0 8. 0-0 a6 9. Re1 d6 10. Bg5 h6 11. Bh4 b5 12. Bf1 Bb7 13. Qd2 g5 14. Bg3 Nh5 15. Nd1 Nxg3 16. hxg3 e6 17. c3 Qe7 18. a4 bxa4 19. Rxa4 Qc7 20. Ne3 Qb6 21. Qc2 Ne5 22. Rea1 Rfb8 23. Rb4 Qc7 24. Na5 Bc8 25. Rxb8 Rxb8 26. Nac4 Nxc4 27. Bxc4 Rb6 28. Ra2 Bb7 29. Bd3 d5 30. exd5 exd5 31. Nf5 Bf8 32. Qd2 Rf6 33. Bc2 Qd7 34. Nd4 Bc5 35. Ra1 Rb6 36. b4 Bf8 37. Ba4 Qc7 38. Re1 Bc8 39. Qd3 Bd7 40. Bc2 Rg6 41. Ne6 Qd6 42. Nxf8 Kxf8 43. Rd1 Be6 44. Qd4 Rg8 45. Qf6 Qc6 46. Ra1 h5 47. Bd3 h4 48. g4 d4 49. Rxa6 Qxc3 50. Ra8+ Bc8 51. Bf5 Qc1+ 52. Kh2 1-0

[Event "HUN-chT4a 1415"]
[Site "Hungary"]
[Date "2015.01.18"]
[Round "4.3"]
[White "Rako, Istvan"]
[Black "Farkas, Gyula"]
[Result "1/2-1/2"]
[WhiteElo "2054"]
[BlackElo "2171"]
[PlyCount "75"]
[EventDate "2014.10.19"]
[EventType "team-tourn"]
[EventRounds "7"]
[EventCountry "HUN"]
[SourceTitle "EXT 2016"]
[Source "ChessBase"]
[SourceDate "2015.10.08"]
[SourceVersion "1"]
[SourceVersionDate "2015.10.08"]
[SourceQuality "1"]

1. e4 c5 2. Nf3 d6 3. c3 Nf6 4. Bc4 Nxe4 5. Qa4+ Nd7 6. Bxf7+ Kxf7 7. Qxe4 Nf6 8. Ng5+ Kg8 9. Qc4+ e6 10. d4 d5 11. Qe2 Qb6 12. dxc5 Bxc5 13. b4 Be7 14. Be3 Qc6 15. Bd4 h6 16. Nf3 Bd6 17. 0-0 Qe8 18. Re1 Bd7 19. Nbd2 Qh5 20. a3 Kh7 21. Be5 Bxe5 22. Nxe5 Qxe2 23. Rxe2 Rhe8 24. c4 Ba4 25. Ndf3 dxc4 26. Nxc4 Bb5 27. Rc2 Rac8 28. Ne3 Rxc2 29. Nxc2 e5 30. Ne3 Bc6 31. Nd2 e4 32. Ndc4 Re7 33. Rd1 Ba4 34. Rd4 Rc7 35. h3 Bb3 36. Kf1 Ba4 37. Ke2 Bb5 38. Kd2 1/2-1/2